000 00256nam a22001217a 4500
008 180227b xxu||||| |||| 00| 0 eng d
041 _aeng
080 _a37
100 _a48
101 _aEDU
245 _aTHE MAGIC WORD
_c ALBERT.J.H
942 _2udc
_cBK
999 _c43601
_d43601